[Event "Prague op-A 14th"]
[Site "Prague"]
[Date "2015.01.16"]
[Round "9"]
[White "Konvalinka, Vladislav"]
[Black "Frajt, Tomas"]
[Result "1-0"]
[WhiteElo "1789"]
[BlackElo "1582"]
[PlyCount "149"]
[EventDate "2015.01.09"]
[EventType "swiss"]
[EventRounds "9"]
[EventCountry "CZE"]
[SourceTitle "CBM 164 Extra"]
[Source "ChessBase"]
[SourceDate "2015.03.02"]
[SourceVersion "1"]
[SourceVersionDate "2015.03.02"]
[SourceQuality "1"]

1. d4 e6 2. c4 Bb4+ 3. Bd2 Bxd2+ 4. Nxd2 d5 5. Ngf3 Nc6 6. g3 Qf6 7. e3 b6 8. Bg2 Nge7 9. 0-0 0-0 10. Rc1 Bd7 11. a3 a5 12. Qc2 Rfc8 13. Qc3 a4 14. e4 Ra5 15. e5 Qh6 16. Rfd1 f5 17. exf6 gxf6 18. Qe3 Qg7 19. cxd5 Rxd5 20. Ne4 Nf5 21. Qc3 Kf7 22. Qc4 b5 23. Qc3 Qg4 24. Nc5 Be8 25. h3 Qg7 26. Qe1 Nd8 27. Rc2 Rd6 28. Re2 Bc6 29. Ne4 Bxe4 30. Rxe4 Nc6 31. Bf1 Rb8 32. Qc3 Rbd8 33. Bxb5 Ne5 34. Nxe5+ fxe5 35. Qxc7+ Kf6 36. Qxg7+ Kxg7 37. Rxe5 Rxd4 38. Rxd4 Nxd4 39. Kg2 Kf6 40. Rc5 Ra8 41. Bd3 Ra7 42. Rc4 e5 43. Bc2 Rb7 44. Bxa4 Rxb2 45. Bd7 Nc2 46. Rc3 e4 47. Kf1 Nd4 48. Re3 Ke5 49. Bg4 Kd5 50. f3 exf3 51. Bxf3+ Kc5 52. Be4 h6 53. g4 Ra2 54. Rc3+ Kd6 55. h4 Ke5 56. Bb7 Rh2 57. Re3+ Kf6 58. Re4 Ne6 59. Bc8 Nc5 60. Rf4+ Ke5 61. Rf5+ Kd4 62. h5 Ne4 63. Rf8 Ra2 64. Bb7 Ng3+ 65. Kg1 Rxa3 66. Rf3 Ne2+ 67. Kf2 Nc3 68. Kg3 Nb5 69. Rxa3 Nxa3 70. Kf4 Nc4 71. g5 hxg5+ 72. Kxg5 Ne5 73. Bc8 Kd5 74. Kf6 Kd6 75. h6 1-0